| 000 | 00504nam a22001697a 4500 | ||
|---|---|---|---|
| 003 | OSt | ||
| 005 | 20260203091937.0 | ||
| 008 | 250614b |||||||| |||| 00| 0 eng d | ||
| 020 | _a978-1854570253 | ||
| 040 | _cOutspan Global University | ||
| 050 |
_aRT108 _b.B36 1993 |
||
| 100 |
_dBANERJEE K. ARPAN _eAuthor |
||
| 245 |
_aThe radiology acquired immune deficiency syndrome _cby Arpan K. Banerjee |
||
| 260 |
_aBristol, United Kingdom: _b Clinical Press Ltd, _cc1993 |
||
| 300 | _a132p | ||
| 942 |
_2lcc _cBK _n0 |
||
| 999 |
_c281 _d281 |
||